[Event "Norwegian Team Championship 2019"]
[Site "Drammen"]
[Date "2019.06.02"]
[Round "6.19"]
[White "Mirza, Raad"]
[Black "Bruaset, Eivind"]
[Result "0-1"]
[WhiteElo "1998"]
[BlackElo "2076"]
[Annotator "NA"]
[PlyCount "165"]
[EventDate "2019.05.30"]
[EventType "swiss"]
[EventCountry "NOR"]
[SourceTitle "playchess.com"]
[Source "ChessBase"]
[SourceQuality "1"]
[TimeControl "40/5400:1800"]

1. e4 {[%emt 0:00:10]} c5 {[%emt 0:00:08]} 2. Nf3 {[%emt 0:00:02]} d6 {[%emt 0:00:05]} 3. Bc4 {[%emt 0:01:24]} Nc6 {[%emt 0:01:56]} 4. c3 {[%emt 0:01:06]} Nf6 {[%emt 0:00:31]} 5. d3 {[%emt 0:00:34]} e6 {[%emt 0:03:39]} 6. Bb3 {[%emt 0:01:02]} Be7 {[%emt 0:04:32]} 7. O-O {[%emt 0:00:54]} O-O {[%emt 0:00:13]} 8. Be3 {[%emt 0:02:23]} Qc7 {[%emt 0:02:20]} 9. Re1 {[%emt 0:08:00]} b6 {[%emt 0:08:45]} 10. Nbd2 {[%emt 0:02:12]} Na5 {[%emt 0:04:06]} 11. Bc2 {[%emt 0:01:47]} Ba6 {[%emt 0:02:13]} 12. Rc1 {[%emt 0:02:45]} Rac8 {[%emt 0:01:24]} 13. Nf1 {[%emt 0:04:49]} Nc6 {[%emt 0:05:37]} 14. Ng3 {[%emt 0:01:09]} Ne5 $11 {[%emt 0:01:35]} 15. Ng5 {[%emt 0:07:21]} d5 {[%emt 0:16:09]} 16. d4 {[%emt 0:08:41]} Ng6 {[%emt 0:10:46]} 17. e5 {[%emt 0:00:46]} Ne8 {[%emt 0:00:39]} 18. Qh5 {[%emt 0:06:07]} Bxg5 {[%emt 0:00:28]} 19. Bxg5 {[%emt 0:01:21]} cxd4 {[%emt 0:06:03]} 20. cxd4 {[%emt 0:01:14]} Qxc2 {[%emt 0:01:17]} 21. Rxc2 {[%emt 0:00:44]} Rxc2 {[%emt 0:00:02]} 22. Qf3 {[%emt 0:02:17]} Nc7 {[%emt 0:02:36]} 23. Qb3 {[%emt 0:06:26]} Rc4 {[%emt 0:00:18]} 24. Rc1 {[%emt 0:01:11]} Rc8 {[%emt 0:00:53]} 25. Rxc4 {[%emt 0:00:56]} Bxc4 {[%emt 0:00:02]} 26. Qa4 {[%emt 0:00:47]} Nb5 {[%emt 0:01:12]} 27. Be3 {[%emt 0:03:02]} Ne7 {[%emt 0:00:54]} 28. h4 {[%emt 0:00:59]} h6 {[%emt 0:01:12]} 29. Qd1 {[%emt 0:01:55]} Bxa2 {[%emt 0:01:02]} 30. Qg4 {[%emt 0:00:33]} Kh7 {[%emt 0:00:43]} 31. Qf3 {[%emt 0:01:44]} Rf8 {[%emt 0:01:34]} 32. Nh5 {[%emt 0:01:24]} Ng8 {[%emt 0:00:17]} 33. g4 {[%emt 0:00:26]} Bb1 {[%emt 0:00:17]} 34. Qe2 {[%emt 0:00:28]} a6 {[%emt 0:00:21]} 35. g5 {[%emt 0:00:18]} g6 {[%emt 0:00:34]} 36. Ng3 {[%emt 0:02:02]} h5 {[%emt 0:00:53]} 37. Qd1 {[%emt 0:01:52]} Bf5 {[%emt 0:00:56]} 38. Qa4 {[%emt 0:00:17]} Ra8 {[%emt 0:00:16]} 39. Qb4 {[%emt 0:00:33]} Kg7 {[%emt 0:00:48]} 40. Bd2 {[%emt 0:01:00]} Bc2 {[%emt 0:00:44]} 41. Be3 {[%emt 0:30:51]} Rc8 {[%emt 0:30:44]} 42. Qd2 {[%emt 0:00:44]} Ne7 {[%emt 0:00:42]} 43. Ne2 {[%emt 0:02:26]} Rc4 {[%emt 0:00:00]} 44. f3 {[%emt 0:00:00]} Nf5 {[%emt 0:00:00]} 45. Bf2 {[%emt 0:00:00]} Kf8 {[%emt 0:00:00]} 46. Kg2 {[%emt 0:00:00]} Ke8 {[%emt 0:00:00]} 47. Nc1 {[%emt 0:00:00]} Nbxd4 {[%emt 0:00:00]} 48. Bxd4 {[%emt 0:00:00]} Rxd4 {[%emt 0:00:00]} 49. Qc3 {[%emt 0:00:00]} Rc4 {[%emt 0:00:00]} 50. Qa3 {[%emt 0:00:00]} Ra4 {[%emt 0:00:00]} 51. Qc3 {[%emt 0:00:00]} Rc4 {[%emt 0:00:00]} 52. Qa3 {[%emt 0:00:00]} a5 {[%emt 0:00:00]} 53. Kf2 {[%emt 0:00:00]} Rxh4 {[%emt 0:00:00]} 54. Ne2 {[%emt 0:00:00]} Ra4 {[%emt 0:00:00]} 55. Qc3 {[%emt 0:00:00]} Rc4 {[%emt 0:00:00]} 56. Qa3 {[%emt 0:00:00]} h4 {[%emt 0:00:00]} 57. b3 {[%emt 0:00:00]} Rc7 {[%emt 0:00:00]} 58. Qa4+ {[%emt 0:00:00]} Kd8 {[%emt 0:00:00]} 59. Qb5 {[%emt 0:00:00]} d4 {[%emt 0:00:00]} 60. Qxb6 {[%emt 0:00:00]} d3 {[%emt 0:00:00]} 61. Nc3 {[%emt 0:00:00]} d2 {[%emt 0:00:00]} 62. Ke2 {[%emt 0:00:00]} h3 {[%emt 0:00:00]} 63. Kxd2 {[%emt 0:00:00]} Kc8 {[%emt 0:00:00]} 64. Qa6+ {[%emt 0:00:00]} Kd8 {[%emt 0:00:00]} 65. Kxc2 {[%emt 0:00:00]} h2 {[%emt 0:00:00]} 66. Qa8+ {[%emt 0:00:00]} Ke7 {[%emt 0:00:00]} 67. Qh8 {[%emt 0:00:00]} Ne3+ {[%emt 0:00:00]} 68. Kd3 {[%emt 0:00:00]} Nf1 {[%emt 0:00:00]} 69. Ne4 {[%emt 0:00:00]} Rc1 {[%emt 0:00:00]} 70. Qf6+ {[%emt 0:00:15]} Kf8 {[%emt 0:00:00]} 71. Qh8+ {[%emt 0:00:09]} Ke7 72. Nf2 {[%emt 0:00:08]} Re1 {[%emt 0:00:00]} 73. Kc3 {[%emt 0:00:09]} Re2 {[%emt 0:00:00]} 74. Nh1 {[%emt 0:00:03]} Rg2 {[%emt 0:00:00]} 75. Qf6+ {[%emt 0:00:55]} Kf8 {[%emt 0:00:00]} 76. Qh8+ {[%emt 0:00:06]} Ke7 {[%emt 0:00:00]} 77. Qh3 {[%emt 0:00:38]} Rg1 {[%emt 0:00:00]} 78. Nf2 {[%emt 0:00:08]} Kd7 {[%emt 0:00:00]} 79. Qh7 {[%emt 0:00:06]} Ke7 {[%emt 0:00:00]} 80. Qh8 {[%emt 0:00:07]} Rg2 {[%emt 0:00:00]} 81. Ne4 {[%emt 0:00:21]} Ne3 {[%emt 0:00:12]} 82. Nf6 {[%emt 0:00:08]} Nd5+ {[%emt 0:00:01]} 83. Kd3 {[%emt 0:00:06]} 0-1

[Event "Norwegian Team Championship 2019"]
[Site "Drammen"]
[Date "2019.06.02"]
[Round "6.20"]
[White "Juriloo, Karl"]
[Black "Rukovci, Shemsi"]
[Result "1/2-1/2"]
[WhiteElo "1978"]
[BlackElo "1914"]
[Annotator "NA"]
[PlyCount "93"]
[EventDate "2019.05.30"]
[EventType "swiss"]
[EventCountry "NOR"]
[SourceTitle "playchess.com"]
[Source "ChessBase"]
[SourceQuality "1"]
[TimeControl "40/5400:1800"]

1. e4 {[%emt 0:00:02]} e5 {[%emt 0:01:29]} 2. Nf3 {[%emt 0:03:54]} Nf6 {[%emt 0:00:28]} 3. Nxe5 {[%emt 0:00:43]} d6 {[%emt 0:00:19]} 4. Nf3 {[%emt 0:00:08]} Nxe4 {[%emt 0:00:09]} 5. Nc3 {[%emt 0:00:07]} Nf6 {[%emt 0:00:43]} 6. d4 {[%emt 0:01:46]} d5 {[%emt 0:00:33] C42: Petroff Defence: 3 Nxe5 and unusual White 3rd moves} 7. Bd3 {[%emt 0:00:26]} Bd6 {[%emt 0:03:23]} 8. Qe2+ $146 {[%emt 0:00:14]} ({Predecessor:} 8. O-O O-O 9. h3 h6 10. Re1 c6 11. Ne2 Re8 12. Ng3 Rxe1+ {½-½ (12) Gashimov,V (2758)-Mamedyarov,S (2719) Moscow 2009}) 8... Qe7 {[%emt 0:00:35]} 9. Qxe7+ {[%emt 0:00:03]} Bxe7 {[%emt 0:01:10]} 10. Nb5 {[%emt 0:00:48]} Na6 {[%emt 0:01:13]} 11. Bf4 {[%emt 0:00:09]} c6 {[%emt 0:06:29]} 12. Nd6+ {[%emt 0:00:39]} Bxd6 {[%emt 0:00:53]} 13. Bxd6 {[%emt 0:00:04]} Ne4 {[%emt 0:01:01]} 14. Bxe4 {[%emt 0:05:44]} dxe4 {[%emt 0:00:07]} 15. Nd2 {[%emt 0:04:59]} Bf5 {[%emt 0:06:09]} 16. O-O-O {[%emt 0:01:25]} O-O-O {[%emt 0:00:13]} 17. Bf4 {[%emt 0:05:12]} Rxd4 {[%emt 0:07:27]} 18. Be5 {[%emt 0:02:10]} Rd5 {[%emt 0:01:52]} 19. Nc4 {[%emt 0:02:43]} Kd7 {[%emt 0:04:21]} 20. Ne3 {[%emt 0:10:37]} Rxd1+ {[%emt 0:05:13]} 21. Rxd1+ {[%emt 0:00:07]} Ke6 $16 {[%emt 0:00:34]} 22. Bf4 {[%emt 0:10:46]} Bg6 {[%emt 0:02:33]} 23. g4 {[%emt 0:00:46]} Ke7 {[%emt 0:09:47]} 24. h4 {[%emt 0:05:00]} h5 {[%emt 0:00:55]} 25. gxh5 {[%emt 0:04:15]} Rxh5 {[%emt 0:02:47]} 26. b4 {[%emt 0:02:28]} f6 {[%emt 0:04:29]} 27. a3 {[%emt 0:00:36]} Rxh4 {[%emt 0:00:33]} 28. Bd6+ {[%emt 0:01:43]} Ke6 {[%emt 0:02:34]} 29. Bg3 {[%emt 0:03:10]} Rh3 {[%emt 0:00:59]} 30. Rd8 {[%emt 0:01:13]} Bf7 {[%emt 0:03:45]} 31. Rd6+ {[%emt 0:00:45]} Ke7 {[%emt 0:00:01]} 32. Nf5+ {[%emt 0:00:16]} Ke8 {[%emt 0:05:51]} 33. Nxg7+ {[%emt 0:00:30]} Kf8 {[%emt 0:01:42]} 34. Nf5 {[%emt 0:00:09]} Nc7 {[%emt 0:01:09]} 35. Rxf6 {[%emt 0:04:16]} Ne8 {[%emt 0:00:01]} 36. Bd6+ {[%emt 0:01:16]} Nxd6 {[%emt 0:00:02]} 37. Nxd6 {[%emt 0:00:18]} Ke7 {[%emt 0:00:15]} 38. Nxe4 {[%emt 0:02:33]} Bd5 {[%emt 0:00:34]} 39. Rf4 {[%emt 0:00:49]} Rxa3 {[%emt 0:00:03]} 40. Nc5 {[%emt 0:00:42]} b6 {[%emt 0:01:05]} 41. Nd3 {[%emt 0:30:20]} a5 {[%emt 0:30:37]} 42. Kb2 {[%emt 0:00:00]} Ra2+ {[%emt 0:00:00]} 43. Kb1 {[%emt 0:00:00]} Ra3 {[%emt 0:00:00]} 44. bxa5 {[%emt 0:00:00]} Rxa5 {[%emt 0:00:00]} 45. c4 {[%emt 0:00:00]} Be6 {[%emt 0:00:00]} 46. Kb2 {[%emt 0:00:00]} Rf5 {[%emt 0:00:00]} 47. Re4 {[%emt 0:00:00]} 1/2-1/2